UK Town and City Trivia - Coventry - Statistics

General Stats
  • This quiz has been taken 3 times
  • The average score is 4 of 15
Answer Stats
Hint Answer % Correct
Noblewoman who, according to legend, rode naked through Coventry Lady Godiva
100%
Metropolitan and ceremonial county in which Coventry is located West Midlands
100%
Medieval building, destroyed in 1940, whose ruins remain in central Coventry Cathedral
50%
Animal that appears on Coventry's coat of arms, carrying a castle on its back Elephant
50%
Nickname of Coventry City Football Club The Sky Blues
50%
Ska band, formed in Coventry in 1977, best known for the song 'Ghost Town' The Specials
50%
Live performance venue in Coventry, first opened in 1958 {Belgrade} Theatre
0%
Monarch who granted Coventry's Royal Charter in 1345, the first such in England Edward III
0%
Major automobile company whose headquarters are at Whitley in Coventry Jaguar Land Rover
0%
Coventry City manager whose statue stands outside their home stadium Jimmy Hill
0%
Coventry born novelist best known for his Jack Reacher series Lee Child
0%
Motorway that borders the north-eastern edge of Coventry M6
0%
Area of rural green belt land that separates Coventry and Birmingham {Meriden} Gap
0%
Aviation museum, at Baginton, on the southern edge of Coventry {Midland} Air Museum
0%
Either of the two main rivers that flow though Coventry Sherbourne or Sowe
0%
No matching quizzes found
Score Distribution
Percent of People with Each Score
Percentile by Number Answered
Your Score History
You have not taken this quiz